LEADER 06676oam 2200625 c 450 001 996582044303316 005 20220221094418.0 010 $a3-8394-5248-1 024 3 $a9783839452486 035 $a(CKB)4100000011249127 035 $a(transcript Verlag)9783839452486 035 $a(MiAaPQ)EBC7153659 035 $a(Au-PeEL)EBL7153659 035 $a(DE-B1597)546279 035 $a(DE-B1597)9783839452486 035 $a(OCoLC)1355220793 035 $a(EXLCZ)994100000011249127 100 $a20220221d2022 uy 0 101 0 $ager 135 $aurnnunnnannuu 181 $ctxt$2rdacontent 182 $cc$2rdamedia 183 $acr$2rdacarrier 200 04$aDie Berliner Schule im globalen Kontext$eEin transnationales Arthouse-Kino$fMarco Abel, Jaimey Fisher 205 $a1st ed. 210 $aBielefeld$ctranscript Verlag$d2022 215 $a1 online resource (450 p.) 225 0 $aFilm 311 $a3-8376-5248-3 327 $aCover -- Inhalt -- Danksagungen -- Danksagung für die englische Edition -- Danksagung für die deutsche Edition -- Einleitung: Die Berliner Schule und darüber hinaus -- »Die Berliner Schule«: Gemeinsamkeiten und Unterschiede -- Die Gefahren des »guten Objekts« -- Die seltsamen Reisen des Kunstkinos: Institutionelle Eigenschaften und ästhetische Herangehensweisen -- Die anhaltende, nagende dynamische Kraft des Begriffs der Nation und des »nationalen« Kinos: Angela Schanelecs Film Der traumhafte Weg (2016) -- Ein reiches Mosaik des zeitgenössischen globalen Kunstkinos -- Literaturverzeichnis -- 1 Die Berliner Schule und Filme von Frauen -- Die Entstehung von Medienkonglomeraten und die zeitgenössische Film? und Fernsehkultur von Frauen -- Die Berliner Schule, der Neoliberalismus und das Frauenkino -- Zeitgenössische Filmproduktionen von Frauen: Materielle Interventionen und Affinitäten -- Die Situationstragödie: Formale und thematische Verwandtschaften in zeitgenössischen Filmen von Frauen -- englishLiteraturverzeichnis -- 2 Gender, Genre und die (Un?)Möglichkeit der romantischen Liebe -- Eine unmögliche Liebe: Blue Valentine -- Neue Liebesversuche: Alle anderen -- Schlussfolgerung: Hin zu einem postromantischen Affekt -- englishLiteraturverzeichnis -- 3 Reflexionen über das Gegenkino und (nicht?)nationale Strategien -- I. -- II. -- III. -- englishLiteraturverzeichnis -- 4 »Das Leben ist voller schwieriger Entscheidungen« -- Zwei Kinos -- Lucy -- Wendy and Lucy -- Schlussfolgerung -- englishLiteraturverzeichnis -- 5 Kino als Digest, Kino als Verdauung -- englishLiteraturverzeichnis -- 6 Daheim gibt es nicht -- englishLiteraturverzeichnis -- 7 Die Kräfte des Milieus -- Milieu als Medium -- Die Pathologien professioneller Beobachter -- Strategien der Inszenierung -- Die Politik des Milieus -- Literaturverzeichnis -- 8 Neue Globale Wellen. 327 $aLiteraturverzeichnis -- 9 Gegabelte Zeit -- Köhler und Apichatpong über »politischen Film« -- Apichatpongs geteilte/gefaltete Zeit -- Zeitliche Brüche: Blissfully Yours und Tropical Malady -- Der Raum bei Köhler und Apichatpong: »Primitive« und Montag kommen die Fenster -- Doppelte Zeit: Syndromes, Uncle Boonmee und Schlafkrankheit -- Geschichte ist eine Schlafkrankheit -- englishLiteraturverzeichnis -- 10 Jenseits von Berlin -- I. -- II. -- III. -- IV. -- englishLiteraturverzeichnis -- 11 Die Politik der Berliner Schule und darüber hinaus -- Hunger: Die trägen Grenzen des gewalttätigen Widerstandes -- Innere Sicherheit: Neoliberale Trägheit von Terroristenkindern und jugendlichen McJobbern -- Falscher Bekenner (2005): Verlangsamung und prekäre Anerkennung -- Epilog -- Literaturverzeichnis -- 12 Bilder des Laufens in den Filmen von Benjamin Heisenberg -- Der ursprüngliche Läufer: Antoine Doinel -- Heisenberg'sche Relationen -- Räuber oder Läufer? -- englishLiteraturverzeichnis -- 13 Von früh an Gespenster -- Das geteilte Nachleben der Industriewirtschaft und ihrer prekären Solidaritäten -- Die einsame Ästhetik des Niedergangs: Ziellose Körper -- Ambivalente Anfänge: Annäherung an jugendliche Ausreißerinnen -- Die Undurchsichtigkeit der Nahaufnahme und die offenen Enden der Jugend -- englishLiteraturverzeichnis -- 14 Die Entstehung des Jetzt -- englishLiteraturverzeichnis -- 15 Auf dem Weg zu einer Ästhetik der Weltlosigkeit -- Das Ende der Welt -- Sophies Welt(losigkeit) -- Alles was glänzt -- Schlussbemerkung -- englishLiteraturverzeichnis -- Mitwirkende -- Personen- und Filmindex. 330 $aDie Berliner Schule gilt als die wichtigste Stro?mung im deutschen Kino seit den 1970er Jahren. Gleichzeitig kann sie als wesentlicher Teil der globalen New-Wave-Filme verstanden werden, die an den traditionellen Ra?ndern des Weltkinos angesiedelt sind. In 15 Essays setzen die Beitra?ger*innen des Bandes die Berliner Schule mit Beispielen des globalen Kinos in Verbindung - vom Nahen Osten u?ber Su?dostasien bis Nordamerika - und laden dazu ein, sie als zentralen Aspekt des Nachwende-Kinos in einem transnationalen Licht zu betrachten. Damit liefern sie zum ersten Mal eine systematische Untersuchung dieser Gattung und stellen sie als eine der wichtigsten Entwicklungen des gegenwa?rtigen Arthouse-Kinos heraus. 410 0$aFilm 606 $aFilm; Berliner Schule; Deutsches Kino; Arthouse-Kino; Nachwende-Kino; New Wave; Globales Kino; Gegenwartskino; Filmemacher; Filmtheorie; Filmkritik; Globalisierung; Medienwissenschaft; Berlin School; German Cinema; Post-reunification Cinema; Global Cinema; Contemporary Cinema; Movie Makers; Film Theory; Movie Critics; Globalization; Media Studies; 610 $aBerlin School. 610 $aContemporary Cinema. 610 $aFilm Theory. 610 $aGerman Cinema. 610 $aGlobal Cinema. 610 $aGlobalization. 610 $aMedia Studies. 610 $aMovie Critics. 610 $aMovie Makers. 610 $aNew Wave. 610 $aPost-reunification Cinema. 615 4$aFilm; Berliner Schule; Deutsches Kino; Arthouse-Kino; Nachwende-Kino; New Wave; Globales Kino; Gegenwartskino; Filmemacher; Filmtheorie; Filmkritik; Globalisierung; Medienwissenschaft; Berlin School; German Cinema; Post-reunification Cinema; Global Cinema; Contemporary Cinema; Movie Makers; Film Theory; Movie Critics; Globalization; Media Studies; 676 $a791.430943 702 $aAbel$b Marco$4edt 702 $aFisher$b Jaimey$pUniversity of California Davis, USA$4edt 801 0$btranscript Verlag 801 1$btranscript Verlag 906 $aBOOK 912 $a996582044303316 996 $aDie Berliner Schule im globalen Kontext$94128371 997 $aUNISA LEADER 02502nam 2200481z- 450 001 9910734384403321 005 20221117155215.0 010 $a3-7489-2950-1 035 $a(CKB)5590000000944895 035 $a(EXLCZ)995590000000944895 100 $a20220906d2022 uu| | 101 0 $ager 181 $ctxt$2rdacontent 182 $cc$2rdamedia 183 $acr$2rdacarrier 200 10$aRechtsnormen und Legitimität in der Friedensmediation /$fFelix Würkert 210 1$aBaden-Baden :$cNomos,$d2022. 215 $a364 pages 225 1 $aBeiträge zum ausländischen öffentlichen Recht und Völkerrecht ;$vBand 314 320 $aLiteraturverzeichnis: Seite 307-364. 327 $aA. Einführung: Die Normen der Friedensmediation -- B. Bedeutung von Legitimität für die Friedensmediation -- C. Legitimationsbedarf der Friedensmediation: Beschreibbarkeit legitimationsbedürftiger Macht -- D. Legitimitätsquellen der Friedensmediation -- E. Verantwortung als Fazit. 330 $a"Friedensmediation findet nicht im rechtsfreien Raum statt, aber vielfach in einem normkritischen oder sogar normaversen Praxisumfeld. Dem wird in diesem Werk gegenübergestellt, dass Rechtskonformität einen Beitrag zu erfolgreicher und legitimer Mediation leistet und dass die Mediation dieser Legitimität auch bedarf, weil sie selbst nachhaltigen Einfluss ausu?bt. Diesem Legitimationsbedarf kann jedoch ohne die Berücksichtigung rechtlicher Normen nicht Genüge getan werden. Dieser Umstand wird ebenso dargelegt wie die Legitimationsfragen, denen sich rechtliche Normen selbst ausgesetzt sehen und die somit das legitimatorische Potential fu?r die Friedensmediation begrenzen."--Verl. 606 $apeace$9eng$2eurovoc 606 $awar$9eng$2eurovoc 606 $aalternative dispute resolution$9eng$2eurovoc 606 $asettlement of disputes$9eng$2eurovoc 606 $ainternational arbitration$9eng$2eurovoc 606 $ainternational law$9eng$2eurovoc 606 $alegitimacy$9eng$2eurovoc 606 $athesis$9eng$2eurovoc 615 7$apeace. 615 7$awar. 615 7$aalternative dispute resolution. 615 7$asettlement of disputes. 615 7$ainternational arbitration. 615 7$ainternational law. 615 7$alegitimacy. 615 7$athesis. 700 $aWürkert$b Felix$01371167 906 $aBOOK 912 $a9910734384403321 996 $aRechtsnormen und Legitimität in der Friedensmediation$93400035 997 $aUNINA